Gaming Quiz

Random Gaming or Nintendo Quiz

Pokemon XD: Gale of Darkness - Shadow Moves Quiz Stats

 Plays Quiz not verified by Sporcle

Challenge
Share
Tweet
Embed
Score 0/18 Timer 04:00
0 Plays Today
Answer % Correct
Shadow Rush
79.4%
Shadow Wave
79.4%
Shadow Blitz
76.5%
Shadow Bolt
76.5%
Shadow Sky
70.6%
Shadow Blast
67.6%
Shadow Fire
61.8%
Shadow Storm
61.8%
Shadow End
55.9%
Answer % Correct
Shadow Down
50%
Shadow Hold
47.1%
Shadow Half
41.2%
Shadow Chill
38.2%
Shadow Rave
38.2%
Shadow Shed
35.3%
Shadow Mist
35.3%
Shadow Panic
32.4%
Shadow Break
32.4%

You're not logged in!

Compare scores with friends on all Sporcle quizzes.
Join for Free
OR
Log In

You Might Also Like...

Show Comments

Extras

Top Quizzes Today


Score Distribution

Your Account Isn't Verified!

In order to create a playlist on Sporcle, you need to verify the email address you used during registration. Go to your Sporcle Settings to finish the process.

Report this User

Report this user for behavior that violates our Community Guidelines.

Details: